[Event "Cerete op 32nd"]
[Site "Cerete"]
[Date "2024.03.22"]
[Round "4"]
[White "Petro Urango, Jose Felipe"]
[Black "Gutierrez Jayk, Camilo Andres"]
[Result "1-0"]
[WhiteElo "1636"]
[BlackElo "1407"]
[PlyCount "63"]
[EventDate "2024.03.21"]
[EventType "swiss"]
[EventRounds "8"]
[EventCountry "COL"]
[SourceTitle "CBM 219 Extra"]
[Source "ChessBase"]
[SourceDate "2024.05.31"]
[SourceVersion "1"]
[SourceVersionDate "2024.05.31"]
[SourceQuality "1"]

1. e4 e6 2. d4 d5 3. e5 c5 4. c3 Nc6 5. Be3 Qb6 6. Qd2 c4 7. Nf3 f6 8. Be2 Nge7 9. Bd1 f5 10. b3 Qa6 11. b4 b5 12. a4 Bb7 13. Na3 Nd8 14. Nxb5 Qc6 15. Nd6+ Kd7 16. a5 Qc7 17. Ba4+ Ndc6 18. b5 Nxa5 19. b6+ Qc6 20. Bxc6+ Nexc6 21. Nxb7 axb6 22. Nxa5 Nxa5 23. Qb2 Kc6 24. 0-0 Be7 25. Rfb1 Rhb8 26. Ng5 Bxg5 27. Qb5+ Kc7 28. Bxg5 h6 29. Be7 g5 30. Bd6+ Kb7 31. Qxb6+ Kc8 32. Qc7# 1-0